Mereka yang tertewas

Bibliographic Details
Main Author: HASANUDDIN Md Isa
Format: Book
Published: Kuala Lumpur : DBP , 1993
Subjects:

MARC

LEADER 00000cam a2200000 7i4500
001 0000001832
005 20020206.0
020 0 0 |a 9836225153 
090 0 0 |a 899.28   |b HAS 1993 
100 0 0 |a HASANUDDIN Md Isa 
245 1 0 |a Mereka yang tertewas   |c Hasanuddin Md Isa 
260 0 0 |a Kuala Lumpur :   |b DBP ,   |c 1993 
300 |a 195 p. ;   |c 21 cm. 
650 0 0 |a Islamis literature, Malay 
650 0 0 |a Malay fiction 
998 |a JPSM 
999 |a 0000000207   |b Monograph   |c Open Shelf   |e Default branch